Vocabulaire du code de la route A-Z en images - Statistiques

Statistiques générales
  • Ce quiz a été pris 474 fois
  • Le résultat moyen est 14 sur 24
Statistiques - réponses
Par images Hint Réponse % Correct
P (panneau) Parking
87%
G (vêtement à haute visibilité) Gilet jaune/Gilet de sécurité
86%
R (intersection comportant un terre-plein circulaire) Rond-point
83%
W (mot signifiant Feux de détresse en anglais et qui est souvent employé) Warning
76%
E (permet de mesurer le taux d'alcool) Éthylotest
73%
D (distance à maintenir entre deux véhicules qui se suivent pour éviter une collision) Distance de sécurité
70%
A (panneau) Aire de jeu
67%
L (type de ligne) Ligne continue
67%
S (panneau) Stationnement interdit
65%
I (panneau) Impasse
64%
C (panneau) Cédez le passage
63%
V (panneau) Virage à droite
63%
B (permet de changer de vitesse) Boîte de vitesse
62%
U (nom qu'on donne aux personnes qui utilisent une route, comme un piéton, un cycliste ou un automobiliste) Usager
59%
N (infraction pénale qui condamne l’omission de prêter secours à une personne courant un danger) Non-assistance à personne en danger
58%
O (panneau) Obligation de tourner à droite
50%
T (équipement de sécurité) Triangle de présignalisation
48%
H (type d'huile) Huile moteur
45%
K (désigne la distance exprimée en km) Kilométrage
45%
M (désigne ce qui est marqué au sol) Marquage au sol
39%
Q (type de route) Quatre-voies
37%
J (dispositif indiquant le niveau de carburant) Jauge de carburant
33%
F (pictogramme) Feu de position
23%
Z (panneau) Zone de rencontre
22%
Aucun quiz correspondant
Distribution des résultats
% des personnes avec chaque résultat
Percentile par nombre de réponses
Votre historique - résultats
Vous n’avez pas pris ce quiz